000 00971nam a2200229Ia 4500
001 10608
003 GE_BSU
008 181216s||||||||xx |||||||||||||| ||und||
020 _a9789941161148
040 _cGE_BSU
100 _aსააკაშვილი,ნიკოლოზ; ჩილინგარიშვილი,თამარ.
245 _aსაქართველო–ტურიზმის და კურორტების ქვეყანა
245 _bსახელმძღვ.სტუდ.
260 _aთბილისი
260 _bსაქართველოს მაცნე
260 _c2011
300 _a136გვ;21სმ.
300 _bბიბლიოგრ.გვ:134–136. ილ.
541 _h7ლ.30თ
653 _aსაქართველო–ტურიზმის და კურორტების ქვეყანა. სახელმძღვ.სტუდ.
942 _cBK
999 _c43860
_d43860